000 05243nas a22002777a 4500
003 NALT
005 20250422105803.0
006 a|||p|r|||| 00| 0
007 ta
008 250422b th |||p| |||| 00| 0 tha d
040 _aNALT
041 _atha
245 0 0 _aนิติศาสตร์ มหาวิทยาลัยธรรมศาสตร์ ปีที่ 29 ฉบับที่ 1-4 (มี.ค.-ธ.ค. 2542)
260 _aคณะนิติศาสตร์ มหาวิทยาลัยธรรมศาสตร์
310 _aรายสามเดือน
500 _aวารสารเย็บเล่ม
505 2 _aปีที่ 29 ฉบับที่ 1 มี.ค. 2542 -- ปัญหาเทคโนโลยีปี ค.ศ. 2000 -- การคุ้มครองทางกฎหมายของโดเมนเนม (Domain Name) บนอินเตอร์เน็ต -- การระงับข้อพิพาท : ปัญหาการเจรจาข้ามวัฒนธรรม -- การบอกเลิกสัญญาในสัญญาที่มีกำหนดเวลาเลิกและสัญญาที่ไม่มีกำหนดเวลาเลิก -- การใช้สิทธิออกเสียงของผู้ถือหุ้นตามกฎหมายฝรั่งเศส -- ทาสในกฎหมายเก่าของไทย (3) -- พยานตามกฎหมายเก่าสยาม -- สถานภาพของบุคคลที่เกิดในประเทศไทยก่อนวันที่ 26 กุมภาพันธ์ 2535 -- พระยากัลยาณไมตรีคนที่สอง -- จับปืน (เด็กเล่น) -- กลุ่มผู้หญิงเรียกร้องสิทธิข่มขืนผู้ขาย -- พระราชบัญญัติสภาตำบลและองค์การ บริหารส่วนตำบล (ฉบับที่ 3) พ.ศ. 2542.
_aปีที่ 29 ฉบับที่ 3 ก.ย. 2542 -- ความรู้พื้นฐานเกี่ยวกับกฎหมายการแข่งขันทางการค้า -- กฎหมายการแข่งขันทางการค้า : การวิเคราะห์ปัญหาเกี่ยวกับขอบเขตของ "ตลาดที่เกี่ยวข้อง" -- ข้อพิจารณาเบื้องต้น เกี่ยวกับการซื้อหุ้นคืนโดยบริษัทผู้ออกหุ้น -- การขายที่แท้จริง (True Sale) ในการแปลงสินทรัพย์เป็นหลักทรัพย์ -- การเร่งรัดวิธีพิจารณาคดีมโนสาเร่และคดีไม่มีข้อยุ่งยากกับหลักกฎหมายวิธีพิจารณาความแพ่ง -- การเร่งรัดการบังคับคดีตามพระราชบัญญัติแก้ไขเพิ่มเติมประมวลกฎหมายวิธีพิจารณาความแพ่ง (ฉบับที่ 18) พ.ศ. 2542 -- ความรู้เบื้องต้นเกี่ยวกับกฎหมายฝรั่งเศสว่าด้วยบริษัทที่ประสบปัญหาการเงิน.
_aปีที่ 29 ฉบับที่ 4 ธ.ค. 2542 -- คณะกรรมการสิทธิมนุษยชนแห่งชาติ -- การคุ้มครองเด็กในการให้ปากคำในคดีอาญา -- การคุ้มครองสิทธิและเสรีภาพของบุคคลที่รัฐธรรมนูญรับรอง -- Pursuing Justice for Women Criminal Justice System in England -- ประเทศไทยกับการเข้าเป็นภาคีกติการะหว่างประเทศว่าด้วยสิทธิพลเมืองและสิทธิทางการเมือง พ.ศ. 2509 -- ข้อคิดทางอาญาที่น่าพิจารณา -- สัญชาติอากาศยาน : หลักทั่วไปและปัญหาการเกี่ยวโยงอันแท้จริง.
650 0 _aคณะกรรมการสิทธิมนุษยชนแห่งชาติ
_956353
850 _aNALT
866 _aปีที่ 29 ฉบับที่ 1 (มี.ค. 2542)
866 _aปีที่ 29 ฉบับที่ 3 (ก.ย. 2542)
866 _aปีที่ 29 ฉบับที่ 4 (ธ.ค. 2542)
942 _cBOUND
996 _aaroonthip.c
_bLIBSTF
_c2025-04-22
999 _c106502
_d106502
998 _h179
_j179
_k นางสาวอรุณทิพย์ จันทร์ดิษฐ์